| 000 | 00979nam a2200265Ia 4500 | ||
|---|---|---|---|
| 003 | GCL | ||
| 008 | 140319s9999 xx 000 0 ara d | ||
| 040 |
_aGCL / _cGCL |
||
| 082 | 0 | 4 |
_a956.04 _bرم |
| 100 | 1 | _aرياض الاشقر | |
| 245 | 1 | 0 |
_aميزان القوى العسكرية بين الدول العربية واسرائيل فى الثمانينات / _cرياض الاشقر |
| 260 |
_a[S.N] : _bمؤسسة الدراسات الفلسطينية ، _c1980 |
||
| 300 | _a45 ص | ||
| 490 |
_aكتاب للمبتدئين _v0 |
||
| 650 | 0 | 4 | _aالنزاع العربى الاسرائيلى |
| 650 | 0 | 4 | _aاسرائيل |
| 650 | 0 | 4 | _aالقضية الفلسطينية |
| 650 | 0 | 4 | _aالمقاومة الفلسطينية |
| 650 | 0 | 4 | _aالمقاومة الشعبية |
| 650 | 0 | 4 | _aالجيش الاسرائيلى |
| 650 | 0 | 4 | _aالجيش السورى |
| 650 | 0 | 4 | _aالجيش الاردنى |
| 650 | 0 | 4 | _aالمعدات العسكرية |
| 942 |
_2ddc _cREF |
||
| 999 |
_c59399 _d59399 |
||